Chuscos, matones y bandidos (Record no. 110330)

MARC details
000 -LEADER
campo de control de longitud fija 00461nam a2200157 4500
001 - NÚMERO DE CONTROL
campo de control 110330
003 - IDENTIFICADOR DE NÚMERO DE CONTROL
campo de control ES-MaACL
005 - FECHA Y HORA DE LA ÚLTIMA TRANSACCIÓN
campo de control 20230906185028.0
007 - CAMPO FIJO DE DESCRIPCIÓN FÍSICA--INFORMACIÓN GENERAL
campo de control de longitud fija t|
008 - DATOS DE LONGITUD FIJA--INFORMACIÓN GENERAL
campo de control de longitud fija 061121s1956 sp r ||||1| spa d
100 1# - ENTRADA PRINCIPAL--NOMBRE DE PERSONA
Nombre de persona Molina, Ricardo.
9 (RLIN) 81901
245 10 - MENCIÓN DEL TÍTULO
Título Chuscos, matones y bandidos
Resto del título : narraciones /
Mención de responsabilidad, etc. Ricardo Molina.
260 ## - PUBLICACIÓN, DISTRIBUCIÓN, ETC.
Lugar de publicación, distribución, etc. Madrid :
Nombre del editor, distribuidor, etc. [s. n.],
Fecha de publicación, distribución, etc. 1956 (
Fabricante Maribel Artes Gráfs.)
300 ## - DESCRIPCIÓN FÍSICA
Extensión 234 p. ;
Dimensiones 19 cm.
852 ## - LOCALIZACIÓN
Ubicación ES-MaACL
Número de control de estantería C-11432
Sublocalización o colección R.38528
Holdings
Estatus retirado Estado de pérdida Estado de daño No para préstamo Biblioteca de origen Biblioteca actual Ubicación en estantería Fecha de adquisición Fuente de adquisición Total de préstamos Signatura topográfica completa Código de barras Visto por última vez Precio de reemplazo Tipo de ítem Koha
        Biblioteca del Ateneo de Madrid Biblioteca del Ateneo de Madrid Sala Palomar 17/01/2008     C-11432 1115107 23/02/2023 23/02/2023 Libro impreso